| 000 | 00696nam a2200241 a 4500 | ||
|---|---|---|---|
| 001 | BRL_1955 | ||
| 005 | 20190320211441.0 | ||
| 008 | 201216s1974----mx-a######---#000-0#spa-# | ||
| 041 | _aspa | ||
| 044 | _amx | ||
| 050 | 4 |
_aHD2346 _b.N68 1974 |
|
| 100 | 1 |
_aNovelo Oppenheim, Victoria _928306 |
|
| 245 | 1 | 0 | _aCapitalismo y producción de artesanias en México. |
| 260 |
_aMéxico, D.F. _c1974 |
||
| 300 |
_a260 p. _bCuadros _c28 cm |
||
| 500 | _aAu232 | ||
| 500 | _aCon dedicatoria personal | ||
| 502 | _aTesis Maestría (Maestro en Antropología Social) ENAH | ||
| 650 | 1 | 4 |
_aArtesanías _zMéxico _93976 |
| 650 | 1 | 4 |
_aArtes decorativas _zMéxico _93532 |
| 902 | _aTERL | ||
| 942 |
_2lcc _cTES |
||
| 999 |
_c10762 _d10762 |
||